| Поле | Инд. | ПП | Название | Значение |
|---|---|---|---|---|
| Тип записи | a | |||
| Библиографический уровень | m | |||
| 001 | Контрольный номер | RU/IS/BASE/516291464 | ||
| 005 | Дата корректировки | 20260515110724.6 | ||
| 020 | a | ISBN | 978-5-7695-8122-9 | |
| c | Цена, тираж | 400 р. | ||
| 040 | b | Код языка каталог. | rus | |
| e | Правила каталог. | PSBO | ||
| 041 | 0_ | a | Код языка текста | rus |
| 080 | a | Индекс УДК | 53(075) | |
| 090 | a | Полочн. индекс | 53 | |
| x | Авторский знак | Д 53 | ||
| 097 | b | Оператор | *М* | |
| b | Оператор | *С* | ||
| 100 | 1_ | a | Автор | Дмитриева В.Ф. |
| 245 | 10 | a | Заглавие | Физика |
| b | Продолж. заглавия | учебник для сред. проф. образования | ||
| b | Продолж. заглавия | в составе учебно-методического комплекса | ||
| 250 | a | Основные сведения об издании | 14-е изд. | |
| 260 | a | Место издания | Москва | |
| b | Издательство | Академия | ||
| c | Дата издания | 2011 | ||
| 300 | a | Объем | 462 с. | |
| 440 | _0 | a | Серия | Среднее профессиональное образование. Общеобразовательные дисциплины |
| 440 | _0 | a | Серия | УМК-У |
| 516 | 8_ | a | Прим. о типе комп. файла/ данных | Текст : непосредственный |
| 520 | 0_ | a | Аннотация | Учебник содержит теоретический материал в объеме курса физики, изучаемого студентами средних профессиональных учебных заведений, а также задачи с решениями и для самостоятельной работы. В конце каждой главы даны краткие выводы, вопросы для самоконтроля и повторения. Для студентов образовательных учреждений среднего профессионального образования, обучающихся по специальностям технического профиля. |
| 583 | a | Действие | Приписка : УМК | |
| 653 | 0_ | a | Ключевые слова | Волны |
| a | Ключевые слова | Колебания | ||
| a | Ключевые слова | Молекулярная физика | ||
| a | Ключевые слова | Оптика | ||
| a | Ключевые слова | Физика | ||
| a | Ключевые слова | Электродинамика | ||
| 655 | 07 | a | Жанр/ форма (устаревшее) | У |
| 773 | 18 | w | Контрольный № источника | d8ed7b2239e14dc0923793e840455166 |
| 901 | t | Тип документа | m | |
| 905 | c | Дата приписки | 15.05.26 | |
| 940 | a | МСФ | ||
| 952 | b | Гриф литературы для ВШ | Гриф | |
| a | Тип литературы для КСУ ВШ | У1 | ||
| 990 | c | Приоритет заказа (DOS) | д | |
| f | Даты поступлений (DOS) | 10.05.16 | ||
| g | Размещение заказа (DOS) | замена АХТ | ||
| h | N записи в КСУ для Б/У (DOS) | 16/2016 | ||
| j | Количество экземпляров (DOS) | 1 |